| 000 | 00716cam a22002411 4500 | ||
|---|---|---|---|
| 001 | BD-DhSAU 939 | ||
| 003 | BD-DhSAU | ||
| 005 | 20150108004320.0 | ||
| 008 | 711005s1968 -ukab b 000 0 eng | ||
| 040 | _aBD-DhSAU | ||
| 082 |
_222 _a330.1 _bMYA |
||
| 100 | 1 | _aMyrdal, Gunnar, | |
| 245 | 1 | 0 |
_aAsian drama : _ban inquiry into the poverty of nations / _cGunnar Myrdal |
| 260 |
_aEngland : _bPenguin Books ; _cc1968. |
||
| 300 |
_axxix, 705 p. : _bill. , maps. ; _c25 cm. |
||
| 440 | _vVol. 1 | ||
| 504 | _aBibliographical footnotes. | ||
| 590 | _aJerin | ||
| 650 | 2 |
_aEconomics _zAsia. |
|
| 650 | 2 |
_aPoverty _zAsia. |
|
| 651 | 0 |
_aSouth Asia _xEconomic conditions. |
|
| 651 | 0 |
_aSoutheast Asia _xEconomic conditions. |
|
| 942 |
_2ddc _cBOOK |
||
| 999 |
_c939 _d939 |
||